2006 Nuckin’ Futs! JibJab year in review lyrics - Statistics

General Stats
  • This quiz has been taken 20 times
  • The average score is 22 of 42
Answer Stats
Hint Answer % Correct
In the ____ 2006 the world was nuckin futs! Year
94%
We’re ____ that you’re here Happy
89%
Welcome to our ____ Show
89%
There was violence in ____ Iraq
83%
And the google guys bought _____ YouTube
78%
Trouble in ______ Afghanistan
72%
About this ____ year! Crazy
72%
I learned at ______ Camp Summer
72%
For a picture of my ___ Ass
67%
For a couple _____ bucks Billion
67%
Did you hear? This past year? _____ nearly croaked Castro
67%
The Dems took over _____ Congress
67%
Mel Gibson hates the ____ Jews
67%
I don't think they have a ___! Plan
67%
To hear us ____ a ____ (2 answers) Sing, song
67%
Remember when ___ ____ shot that one guy in the face Dick Cheney
61%
____ wants a bomb! Iran
61%
The ____ had quite a coup Thai
61%
_____ hides Osama
56%
Kim Jung lit a bomb, somewhere _______ Underground
56%
_____ lost his case Saddam
50%
Liquid ___ Bans
44%
_____ rides Britney
44%
My ________ IM’d me Congressmen
44%
Israel! ______! Hezbollah
44%
__ ____ got the axe Tom Cruise
44%
It really ____ __ ____! Yeah! Won’t be long
44%
Lance Bass announced that he prefers ______ lifestyles Alternative
39%
The way that things are heading _____ wont be long! Armageddon
39%
Zarqawi __ __ ____ Bit the dust
39%
____ blew a nut Chavez
39%
_-____ in our food E-Coli
39%
______ full of cash Freezers
39%
_____ swore off sex Paris
39%
_____ wars abound Religious
39%
Ken Lay died after ____ Trial
39%
And ____ ____ suffered a hemorrhagic stroke Ariel Sharon
28%
And ______ had a kid and started their own clan Brangelina
28%
Phone call ____ Scans
28%
Did you hear? This past year? _____ got the can Rummy
22%
______ Tom DeLay Abramoff
17%
_____ fell from grace Haggard
17%
No matching quizzes found
Score Distribution
Percent of People with Each Score
Percentile by Number Answered
Your Score History
You have not taken this quiz